IMAGE ENCRYPTION A COMMUNICATION PERSPECTIVE / (Record no. 593798)

000 -LEADER
fixed length control field 00374nam a22001457a 4500
020 ## - INTERNATIONAL STANDARD BOOK NUMBER
Qualifying information PB.
040 ## - CATALOGING SOURCE
Transcribing agency FIZZA ISHAQ
082 ## - DEWEY DECIMAL CLASSIFICATION NUMBER
Classification number 006.6
Author Mark FAT
100 ## - MAIN ENTRY--PERSONAL NAME
Personal name ABD,E.FATHI.
9 (RLIN) 110474
245 ## - TITLE STATEMENT
Title IMAGE ENCRYPTION A COMMUNICATION PERSPECTIVE /
Statement of responsibility, etc. FATHI E.ABD EL SAMIE.
250 ## - EDITION STATEMENT
Edition statement 7TH ED.
260 ## - PUBLICATION, DISTRIBUTION, ETC.
Place of publication, distribution, etc. NEW YORK ;
Name of publisher, distributor, etc. CRC PRESS,
Date of publication, distribution, etc. 2014.
300 ## - PHYSICAL DESCRIPTION
Extent 766 P. ;
942 ## - ADDED ENTRY ELEMENTS (KOHA)
Source of classification or shelving scheme
Koha item type Book
Holdings
Withdrawn status Lost status Source of classification or shelving scheme Damaged status Not for loan Permanent Location Current Location Date acquired Total Checkouts Full call number Barcode Date last seen Price effective from Koha item type
          NUST Baluchistan Campus (NBC) NUST Baluchistan Campus (NBC) 03/16/2023   006.6 FAT Q-6403 03/16/2023 03/16/2023 Book
© 2023 Central Library, National University of Sciences and Technology. All Rights Reserved.